Objections to the use of paranitrophenol in the preparation of crepe rubber (Record no. 64268)

MARC details
000 -LEADER
fixed length control field 00373nam a2200121Ia 4500
245 #0 - TITLE STATEMENT
Title Objections to the use of paranitrophenol in the preparation of crepe rubber
260 ## - PUBLICATION, DISTRIBUTION, ETC. (IMPRINT)
Name of publisher Journal of the Rubber Research Institute of Malaya
Year of publication 1934
300 ## - PHYSICAL DESCRIPTION
Number of Pages 315
650 ## - SUBJECT ADDED ENTRY--TOPICAL TERM
Topical Term Crepe rubber
650 ## - SUBJECT ADDED ENTRY--TOPICAL TERM
Topical Term Paranitrophenol
942 ## - ADDED ENTRY ELEMENTS (KOHA)
Koha item type Journals
Holdings
Withdrawn status Lost status Damaged status Not for loan Home library Current library Shelving location Date acquired Serial Enumeration / chronology Koha item type
      Journals RRII Library RRII Library Rubber chemistry 17/12/2021 Volume 5, Issue 3 Journals